[Event "Titled Tuesday intern op 07th Feb Early"]
[Site "Chess.com INT"]
[Date "2023.02.07"]
[Round "2"]
[White "McBryde, Lamel"]
[Black "Fiorito, Joaquin"]
[Result "1-0"]
[WhiteElo "1861"]
[BlackElo "2348"]
[PlyCount "85"]
[EventDate "2023.02.07"]
[EventType "swiss (blitz)"]
[EventRounds "11"]
[EventCountry "USA"]
[SourceTitle "EXT 2024"]
[Source "ChessBase"]
[SourceDate "2023.10.10"]
[SourceVersion "1"]
[SourceVersionDate "2023.10.10"]
[SourceQuality "1"]

1. Nf3 d5 2. b3 c5 3. Bb2 f6 4. e3 e5 5. d3 Nc6 6. Nbd2 Be6 7. c4 Nge7 8. a3 g6 9. Qc2 Bg7 10. cxd5 Qxd5 11. Rc1 b6 12. d4 exd4 13. exd4 cxd4 14. Bc4 Qd7 15. 0-0 0-0 16. Rfe1 Bxc4 17. Qxc4+ Kh8 18. Rcd1 Rad8 19. b4 Nf5 20. Nb3 Ne5 21. Qe2 d3 22. Qe4 Nxf3+ 23. Qxf3 Rfe8 24. Rxe8+ Rxe8 25. g3 Rd8 26. Nc1 d2 27. Nb3 Re8 28. Rxd2 Qe6 29. Kg2 Kg8 30. Nd4 Qd7 31. Bc3 Nxd4 32. Rxd4 Qe6 33. Qb7 Re7 34. Rd8+ Kf7 35. Qa8 g5 36. h4 gxh4 37. gxh4 Qg4+ 38. Kf1 Qxh4 39. Qd5+ Kg6 40. Qd3+ f5 41. Rd6+ Kf7 42. Qd5+ Ke8 43. Rd8# 1-0

[Event "Titled Tuesday intern op 27th Dec Early"]
[Site "Chess.com INT"]
[Date "2022.12.27"]
[Round "8"]
[White "McBryde, Lamel"]
[Black "Fabris, Alberto"]
[Result "1-0"]
[WhiteElo "1861"]
[BlackElo "2230"]
[PlyCount "69"]
[EventDate "2022.12.27"]
[EventType "swiss (blitz)"]
[EventRounds "11"]
[EventCountry "USA"]
[SourceTitle "EXT 2024"]
[Source "ChessBase"]
[SourceDate "2023.10.10"]
[SourceVersion "1"]
[SourceVersionDate "2023.10.10"]
[SourceQuality "1"]

1. Nf3 Nf6 2. b3 d5 3. Bb2 Bf5 4. d4 e6 5. a3 h6 6. e3 Bd6 7. Bd3 Bxd3 8. Qxd3 0-0 9. Nbd2 c5 10. 0-0 Nc6 11. Ne5 Qc7 12. f4 Nd7 13. c4 cxd4 14. exd4 f5 15. Rae1 Rae8 16. Kh1 Bxe5 17. fxe5 Rf7 18. cxd5 Nd8 19. dxe6 Nxe6 20. Rxf5 Ndf8 21. Ref1 Rxf5 22. Qxf5 Qd7 23. Nc4 Qd5 24. Nd6 Re7 25. Qe4 Qxb3 26. Ba1 Qxa3 27. d5 Ng5 28. Qf5 Ngh7 29. Ne4 Qa5 30. d6 Re6 31. d7 Qd5 32. Qf7+ Kh8 33. Nd6 Rxd6 34. exd6 Qxd6 35. Qxg7# 1-0

[Event "Titled Tuesday intern op 13th Sep Late"]
[Site "Chess.com INT"]
[Date "2022.09.13"]
[Round "3"]
[White "McBryde, Lamel"]
[Black "Lewtak, Damian"]
[Result "1-0"]
[WhiteElo "1861"]
[BlackElo "2386"]
[PlyCount "69"]
[EventDate "2022.09.13"]
[EventType "swiss (blitz)"]
[EventRounds "11"]
[EventCountry "USA"]
[SourceTitle "EXT 2023"]
[Source "ChessBase"]
[SourceDate "2022.10.05"]
[SourceVersion "1"]
[SourceVersionDate "2022.10.05"]
[SourceQuality "1"]

1. Nf3 e6 2. b3 d6 3. Bb2 Ne7 4. d4 Nd7 5. e3 h5 6. Bd3 a5 7. a3 h4 8. h3 b6 9. c4 Bb7 10. Nbd2 g6 11. d5 e5 12. e4 Bg7 13. Qc2 Bf6 14. Nf1 g5 15. Ne3 Ng6 16. g3 hxg3 17. fxg3 Nc5 18. Be2 Bc8 19. Ng1 Bd7 20. Bg4 a4 21. b4 Nb3 22. Rd1 Nd4 23. Qf2 Be7 24. Bxd7+ Qxd7 25. Bxd4 exd4 26. Nf5 Bf6 27. Nxd4 Be5 28. Nc6 Bc3+ 29. Kf1 0-0 30. Qf5 Qxf5+ 31. exf5 Ne5 32. Nxe5 Bxe5 33. Ne2 Rfe8 34. Kf2 Bd4+ 35. Nxd4 1-0

[Event "Titled Tuesday intern op 23rd Aug Early"]
[Site "Chess.com INT"]
[Date "2022.08.23"]
[Round "3"]
[White "Lewtak, Damian"]
[Black "McBryde, Lamel"]
[Result "1-0"]
[WhiteElo "2396"]
[BlackElo "1861"]
[PlyCount "89"]
[EventDate "2022.08.23"]
[EventType "swiss (blitz)"]
[EventRounds "11"]
[EventCountry "USA"]
[SourceTitle "EXT 2023"]
[Source "ChessBase"]
[SourceDate "2022.10.05"]
[SourceVersion "1"]
[SourceVersionDate "2022.10.05"]
[SourceQuality "1"]

1. b4 Nf6 2. Bb2 e6 3. a3 b6 4. Nf3 Bb7 5. d4 d6 6. c4 Nbd7 7. e3 c5 8. Bd3 a6 9. 0-0 Qc7 10. Nbd2 Be7 11. e4 cxd4 12. Bxd4 Ne5 13. Nxe5 dxe5 14. Be3 Rd8 15. Qc2 0-0 16. Rfd1 Ng4 17. Nf1 Nxe3 18. fxe3 Rd7 19. Be2 Rfd8 20. Rxd7 Rxd7 21. Rd1 Rxd1 22. Bxd1 Qc6 23. Nd2 Bg5 24. Kf2 f5 25. Bf3 f4 26. exf4 exf4 27. e5 Qc7 28. Bxb7 Qxb7 29. Ne4 Bh4+ 30. Kf3 Qf7 31. Qd3 Qh5+ 32. Kxf4 Qf5+ 33. Ke3 Qxe5 34. Qd6 Bg5+ 35. Kd3 Qf5 36. c5 Qf1+ 37. Kc2 Qxg2+ 38. Nd2 Qxd2+ 39. Qxd2 Bxd2 40. cxb6 Bf4 41. a4 Bxh2 42. a5 Kf7 43. b5 axb5 44. a6 Ke7 45. a7 1-0

[Event "Titled Tuesday intern op 23rd Aug Early"]
[Site "Chess.com INT"]
[Date "2022.08.23"]
[Round "1"]
[White "McBryde, Lamel"]
[Black "Cruz, Cristhian"]
[Result "0-1"]
[WhiteElo "1861"]
[BlackElo "2568"]
[PlyCount "58"]
[EventDate "2022.08.23"]
[EventType "swiss (blitz)"]
[EventRounds "11"]
[EventCountry "USA"]
[SourceTitle "EXT 2023"]
[Source "ChessBase"]
[SourceDate "2022.10.05"]
[SourceVersion "1"]
[SourceVersionDate "2022.10.05"]
[SourceQuality "1"]

1. Nf3 Nf6 2. b3 d5 3. Bb2 c5 4. e3 g6 5. d4 cxd4 6. exd4 Bg7 7. Bd3 0-0 8. Nbd2 Nc6 9. a3 Bg4 10. 0-0 e6 11. Qe2 a6 12. c4 dxc4 13. bxc4 Rc8 14. h3 Bxf3 15. Nxf3 Nh5 16. Qe3 Qc7 17. Ne5 Rfd8 18. Rfd1 Nf6 19. f4 Ne8 20. Be2 Nd6 21. g4 Nxe5 22. fxe5 Nxc4 23. Bxc4 Qxc4 24. Qf3 Qd5 25. Qf2 Rc7 26. Rac1 Rdc8 27. Rf1 Bf8 28. Qxf7+ Rxf7 29. Rxc8 Rxf1+ 0-1

[Event "Titled Tuesday intern op 23rd Aug Late"]
[Site "Chess.com INT"]
[Date "2022.08.23"]
[Round "1"]
[White "McBryde, Lamel"]
[Black "Tatarinov, Dmitry"]
[Result "0-1"]
[WhiteElo "1861"]
[BlackElo "2314"]
[PlyCount "62"]
[EventDate "2022.08.23"]
[EventType "swiss (blitz)"]
[EventRounds "11"]
[EventCountry "USA"]
[SourceTitle "EXT 2023"]
[Source "ChessBase"]
[SourceDate "2022.10.05"]
[SourceVersion "1"]
[SourceVersionDate "2022.10.05"]
[SourceQuality "1"]

1. Nf3 d5 2. b3 c5 3. Bb2 Nc6 4. e3 e6 5. d4 Nf6 6. a3 cxd4 7. exd4 g6 8. Bd3 Bg7 9. Nbd2 0-0 10. Qe2 b6 11. 0-0 Bb7 12. c4 Ne7 13. c5 bxc5 14. dxc5 Nc6 15. b4 a6 16. Rab1 Re8 17. Ne5 Nxe5 18. Bxe5 Nd7 19. Bxg7 Kxg7 20. Rfc1 Qc7 21. Nb3 e5 22. Qf1 e4 23. Be2 Ne5 24. Na5 Bc8 25. h3 d4 26. Bc4 Bxh3 27. Bd5 Ng4 28. g3 Bxf1 29. Bxa8 Rxa8 30. Kxf1 e3 31. f4 d3 0-1

[Event "Titled Tuesday intern op 16th Aug Early"]
[Site "Chess.com INT"]
[Date "2022.08.16"]
[Round "7"]
[White "Avalos Parra, Joao"]
[Black "McBryde, Lamel"]
[Result "0-1"]
[WhiteElo "2193"]
[BlackElo "1861"]
[PlyCount "70"]
[EventDate "2022.08.16"]
[EventType "swiss (blitz)"]
[EventRounds "11"]
[EventCountry "USA"]
[SourceTitle "EXT 2023"]
[Source "ChessBase"]
[SourceDate "2022.10.05"]
[SourceVersion "1"]
[SourceVersionDate "2022.10.05"]
[SourceQuality "1"]

1. d4 Nf6 2. Nc3 d6 3. e4 g6 4. f4 Bg7 5. Nf3 0-0 6. e5 dxe5 7. fxe5 Ng4 8. h3 Nh6 9. h4 Nf5 10. h5 Ng3 11. Rh2 gxh5 12. Bf4 Nxf1 13. Kxf1 Bg4 14. Qd2 f6 15. e6 Bxe6 16. Rxh5 Bf7 17. Rh2 Bg6 18. Nh4 e5 19. Nxg6 hxg6 20. dxe5 Qxd2 21. Bxd2 fxe5+ 22. Ke2 Nc6 23. Be3 Nd4+ 24. Bxd4 exd4 25. Ne4 Rae8 26. Kd3 b6 27. a4 c5 28. b3 Rf4 29. Re1 Re5 30. Rh3 a6 31. Rg3 b5 32. axb5 axb5 33. c4 dxc3 34. Rxg6 c4+ 35. bxc4 bxc4+ 0-1

[Event "Titled Tuesday intern op 16th Aug Late"]
[Site "Chess.com INT"]
[Date "2022.08.16"]
[Round "6"]
[White "Fernandez Hernandez, Gerardo"]
[Black "McBryde, Lamel"]
[Result "0-1"]
[WhiteElo "2169"]
[BlackElo "1861"]
[PlyCount "130"]
[EventDate "2022.08.16"]
[EventType "swiss (blitz)"]
[EventRounds "11"]
[EventCountry "USA"]
[SourceTitle "EXT 2023"]
[Source "ChessBase"]
[SourceDate "2022.10.05"]
[SourceVersion "1"]
[SourceVersionDate "2022.10.05"]
[SourceQuality "1"]

1. e4 Nf6 2. e5 Nd5 3. c4 Nb6 4. d4 d6 5. exd6 cxd6 6. Nc3 g6 7. Be3 Bg7 8. Rc1 0-0 9. b3 Bf5 10. Nf3 d5 11. c5 Nc8 12. Bd3 Bg4 13. h3 Bxf3 14. Qxf3 e6 15. 0-0 Nc6 16. Ne2 a6 17. a3 e5 18. Qg3 e4 19. Bb1 N8e7 20. Rfd1 Nf5 21. Qh2 Nxe3 22. fxe3 Ne7 23. g4 Bh6 24. Nf4 f5 25. Rf1 fxg4 26. hxg4 Bg5 27. Qg3 Qc7 28. b4 Nc6 29. Ba2 Rad8 30. Kg2 Kh8 31. Ne6 Qxg3+ 32. Kxg3 Bxe3 33. Rce1 Rxf1 34. Rxf1 Re8 35. Nc7 Rd8 36. Nxd5 Bxd4 37. Re1 e3 38. Nxe3 Re8 39. Ng2 Rxe1 40. Nxe1 Bb2 41. Kf2 Bxa3 42. Nd3 Bxb4 43. Ke2 Ba3 44. Kd2 Kg7 45. Kc2 Kf6 46. Bd5 Nb4+ 47. Kb3 Nxd3 48. Kxa3 Nxc5 49. Bc4 b5 50. Be2 Ne4 51. Kb4 Kg5 52. Ka5 Nf6 53. Kxa6 b4 54. Kb5 b3 55. Bd3 b2 56. Bb1 Nxg4 57. Kc4 h5 58. Kc3 h4 59. Kxb2 Kf4 60. Kc3 h3 61. Bd3 h2 62. Bf1 h1Q 63. Bg2 Qxg2 64. Kc4 Qe4+ 65. Kc5 Qd3 0-1

[Event "Titled Tuesday intern op 16th Aug Early"]
[Site "Chess.com INT"]
[Date "2022.08.16"]
[Round "4"]
[White "McBryde, Lamel"]
[Black "Pinheiro, Iung Alicio"]
[Result "0-1"]
[WhiteElo "1861"]
[BlackElo "2320"]
[PlyCount "70"]
[EventDate "2022.08.16"]
[EventType "swiss (blitz)"]
[EventRounds "11"]
[EventCountry "USA"]
[SourceTitle "EXT 2023"]
[Source "ChessBase"]
[SourceDate "2022.10.05"]
[SourceVersion "1"]
[SourceVersionDate "2022.10.05"]
[SourceQuality "1"]

1. Nf3 d5 2. b3 c6 3. Bb2 Nf6 4. d4 Bf5 5. e3 e6 6. Bd3 Nbd7 7. a3 Ne4 8. Nbd2 Bd6 9. 0-0 Qf6 10. Qe2 g5 11. Ne1 g4 12. f3 gxf3 13. Nexf3 Rg8 14. Bxe4 dxe4 15. Ne5 Nxe5 16. Nxe4 Nf3+ 17. Rxf3 Bxh2+ 18. Kxh2 Qh4+ 19. Kg1 Qxe4 20. Rf4 Qxc2 21. Rf2 Qxe2 22. Rxe2 Be4 23. Kh2 f5 24. Rf1 Rg6 25. Rf4 Ke7 26. Rh4 h6 27. Kg1 Rag8 28. Rh2 a5 29. Bc3 b6 30. Be1 Kd7 31. b4 a4 32. Bc3 Kd6 33. Bb2 Kd5 34. Bc1 Kc4 35. Kf1 Bd3 0-1

[Event "Titled Tuesday intern op 16th Aug Early"]
[Site "Chess.com INT"]
[Date "2022.08.16"]
[Round "8"]
[White "Taboas Rodriguez, Daniel"]
[Black "McBryde, Lamel"]
[Result "1-0"]
[WhiteElo "2359"]
[BlackElo "1861"]
[PlyCount "61"]
[EventDate "2022.08.16"]
[EventType "swiss (blitz)"]
[EventRounds "11"]
[EventCountry "USA"]
[SourceTitle "EXT 2023"]
[Source "ChessBase"]
[SourceDate "2022.10.05"]
[SourceVersion "1"]
[SourceVersionDate "2022.10.05"]
[SourceQuality "1"]

1. d4 Nf6 2. Nf3 d6 3. c4 g6 4. Nc3 Bg7 5. e4 0-0 6. Be2 e5 7. dxe5 dxe5 8. Qxd8 Rxd8 9. Bg5 c6 10. Nxe5 Re8 11. 0-0-0 Na6 12. Rd6 Nxe4 13. Nxe4 Bxe5 14. Nf6+ Bxf6 15. Bxf6 Bf5 16. Kd2 Nc5 17. f3 Nd7 18. Bc3 Rad8 19. Rd1 Nc5 20. Rxd8 Rxd8+ 21. Ke3 Re8+ 22. Kf2 h5 23. h3 Ne6 24. g4 Nf4 25. Bf1 Bc8 26. Rd4 Ne6 27. Re4 hxg4 28. hxg4 Rd8 29. Re1 Nf4 30. Kg3 g5 31. Bf6 1-0

[Event "Titled Tuesday intern op 09th Aug Late"]
[Site "Chess.com INT"]
[Date "2022.08.09"]
[Round "2"]
[White "Graif, William"]
[Black "McBryde, Lamel"]
[Result "1-0"]
[WhiteElo "2305"]
[BlackElo "1861"]
[PlyCount "27"]
[EventDate "2022.08.09"]
[EventType "swiss (blitz)"]
[EventRounds "11"]
[EventCountry "USA"]
[SourceTitle "EXT 2023"]
[Source "ChessBase"]
[SourceDate "2022.10.05"]
[SourceVersion "1"]
[SourceVersionDate "2022.10.05"]
[SourceQuality "1"]

1. d4 Nf6 2. Nc3 d5 3. e4 dxe4 4. Bg5 Bf5 5. f3 exf3 6. Qxf3 Qc8 7. Bc4 e6 8. Bxf6 gxf6 9. g4 Bxc2 10. d5 Bb4 11. Qxf6 Rg8 12. dxe6 Rxg4 13. exf7+ Kf8 14. Qh8+ 1-0

[Event "Titled Tuesday intern op 09th Aug Late"]
[Site "Chess.com INT"]
[Date "2022.08.09"]
[Round "9"]
[White "McBryde, Lamel"]
[Black "Gubajdullin, Alexey"]
[Result "1/2-1/2"]
[WhiteElo "1861"]
[BlackElo "2300"]
[PlyCount "83"]
[EventDate "2022.08.09"]
[EventType "swiss (blitz)"]
[EventRounds "11"]
[EventCountry "USA"]
[SourceTitle "EXT 2023"]
[Source "ChessBase"]
[SourceDate "2022.10.05"]
[SourceVersion "1"]
[SourceVersionDate "2022.10.05"]
[SourceQuality "1"]

1. Nf3 Nf6 2. b3 g6 3. Bb2 Bg7 4. c4 0-0 5. d3 Nc6 6. Nbd2 d6 7. e3 a5 8. a3 e5 9. Be2 Ng4 10. Qc2 f5 11. h3 Nh6 12. 0-0-0 f4 13. d4 fxe3 14. fxe3 Nf5 15. Nf1 exd4 16. exd4 Re8 17. d5 Bxb2+ 18. Qxb2 Ne5 19. g4 Nxf3 20. Bxf3 Ne3 21. Re1 Nxf1 22. Rhxf1 Rxe1+ 23. Rxe1 Qg5+ 24. Kb1 Bd7 25. Qd4 Rf8 26. Bd1 Qf6 27. Qxf6 Rxf6 28. Re7 Rf7 29. Rxf7 Kxf7 30. Kc2 Kf6 31. Kd3 Ke5 32. Ke3 g5 33. Bc2 h6 34. b4 b6 35. Be4 Ba4 36. Bd3 Bb3 37. Be2 Bc2 38. Bf3 Bb3 39. Be2 Bc2 40. Bf3 Bg6 41. Bg2 Bc2 42. Bf3 1/2-1/2

[Event "Titled Tuesday intern op 09th Aug Late"]
[Site "Chess.com INT"]
[Date "2022.08.09"]
[Round "1"]
[White "Taichman, Ori"]
[Black "McBryde, Lamel"]
[Result "1-0"]
[WhiteElo "2317"]
[BlackElo "1861"]
[PlyCount "85"]
[EventDate "2022.08.09"]
[EventType "swiss (blitz)"]
[EventRounds "11"]
[EventCountry "USA"]
[SourceTitle "EXT 2023"]
[Source "ChessBase"]
[SourceDate "2022.10.05"]
[SourceVersion "1"]
[SourceVersionDate "2022.10.05"]
[SourceQuality "1"]

1. e4 Nf6 2. e5 Nd5 3. d4 Nb6 4. c4 d6 5. exd6 cxd6 6. Nc3 g6 7. Be3 Bg7 8. b3 0-0 9. Rc1 Bf5 10. Nf3 d5 11. c5 Nc8 12. b4 a6 13. a4 Be6 14. b5 f6 15. Qd2 Bf7 16. Be2 e5 17. 0-0 e4 18. Ne1 f5 19. Bh6 Bxh6 20. Qxh6 Qf6 21. Nc2 f4 22. Bg4 Ne7 23. g3 f3 24. h4 Be6 25. Bxe6+ Qxe6 26. Ne3 Qh3 27. Qg5 Nf5 28. Ncxd5 Nd7 29. Qg4 Qxg4 30. Nxg4 Nxd4 31. Kh2 h5 32. Nge3 Ne5 33. Rfd1 Nd3 34. Rc4 Ne6 35. c6 axb5 36. Rxe4 Nec5 37. cxb7 Rxa4 38. Rxa4 bxa4 39. Rxd3 Nxd3 40. Ne7+ Kf7 41. Nc8 a3 42. b8Q a2 43. Qb3+ 1-0

[Event "Titled Tuesday intern op 02nd Aug Late"]
[Site "Chess.com INT"]
[Date "2022.08.02"]
[Round "5"]
[White "McBryde, Lamel"]
[Black "Perske, Thore"]
[Result "1-0"]
[WhiteElo "1926"]
[BlackElo "2436"]
[PlyCount "53"]
[EventDate "2022.08.02"]
[EventType "swiss (blitz)"]
[EventRounds "11"]
[EventCountry "USA"]
[SourceTitle "EXT 2023"]
[Source "ChessBase"]
[SourceDate "2022.10.05"]
[SourceVersion "1"]
[SourceVersionDate "2022.10.05"]
[SourceQuality "1"]

1. Nf3 Nf6 2. b3 g6 3. Bb2 Bg7 4. c4 d6 5. d3 e5 6. Nbd2 0-0 7. e3 Re8 8. Qc2 c6 9. c5 dxc5 10. Nxe5 Nbd7 11. Nxd7 Nxd7 12. Bxg7 Kxg7 13. Be2 b6 14. 0-0 a5 15. Nc4 Qf6 16. Rad1 Ne5 17. Nxb6 Rb8 18. Nxc8 Rbxc8 19. Qxc5 a4 20. bxa4 h5 21. a5 Rb8 22. d4 Nd7 23. Qc4 Rb2 24. Bf3 Rc8 25. Rb1 Rxb1 26. Rxb1 c5 27. a6 1-0

[Event "Titled Tuesday intern op 17th Aug"]
[Site "Chess.com INT"]
[Date "2021.08.17"]
[Round "6"]
[White "Gelman, Alexander"]
[Black "McBryde, Lamel"]
[Result "1-0"]
[WhiteElo "2403"]
[BlackElo "1926"]
[PlyCount "57"]
[EventDate "2021.08.17"]
[EventType "swiss (blitz)"]
[EventRounds "11"]
[EventCountry "USA"]
[SourceTitle "EXT 2022"]
[Source "ChessBase"]
[SourceDate "2021.10.06"]
[SourceVersion "1"]
[SourceVersionDate "2021.10.06"]
[SourceQuality "1"]

1. d4 Nf6 2. Nc3 d5 3. Bf4 c6 4. f3 Qb6 5. Qd2 Bf5 6. 0-0-0 e6 7. g4 Bg6 8. h4 h5 9. g5 Nfd7 10. e4 Bb4 11. Bd3 Qxd4 12. Nge2 Qb6 13. exd5 cxd5 14. Bxg6 fxg6 15. Qd3 0-0 16. Be3 Bc5 17. Bxc5 Nxc5 18. Qxg6 Nc6 19. Qxh5 Nd7 20. Kb1 Rac8 21. Rxd5 exd5 22. Nxd5 Qc5 23. g6 Nf6 24. Nxf6+ Rxf6 25. Qxc5 Rxg6 26. a3 Rf8 27. f4 Rgf6 28. h5 Rf5 29. Qe3 1-0

[Event "Titled Tuesday intern op 17th Aug"]
[Site "Chess.com INT"]
[Date "2021.08.17"]
[Round "8"]
[White "Pasquier, Thomas"]
[Black "McBryde, Lamel"]
[Result "1-0"]
[WhiteElo "2236"]
[BlackElo "1926"]
[PlyCount "79"]
[EventDate "2021.08.17"]
[EventType "swiss (blitz)"]
[EventRounds "11"]
[EventCountry "USA"]
[SourceTitle "EXT 2022"]
[Source "ChessBase"]
[SourceDate "2021.10.06"]
[SourceVersion "1"]
[SourceVersionDate "2021.10.06"]
[SourceQuality "1"]

1. c4 Nf6 2. g3 e6 3. Bg2 d5 4. Qc2 c5 5. b3 Nc6 6. cxd5 exd5 7. Nf3 g6 8. Bb2 Bf5 9. d3 Rc8 10. 0-0 Bg7 11. Qxc5 b6 12. Qe3+ Ne7 13. Na3 0-0 14. Qd2 Qd7 15. Rac1 Bh3 16. Rxc8 Rxc8 17. Rc1 Re8 18. Nc2 Bxg2 19. Kxg2 h6 20. Ne3 g5 21. h3 Ng6 22. Bd4 g4 23. hxg4 Nxg4 24. Nxg4 Qxg4 25. Bxg7 Kxg7 26. Rc7 Re6 27. Rxa7 Rf6 28. Qe3 Rf5 29. Qd4+ Qxd4 30. Nxd4 Rf6 31. f4 Nxf4+ 32. gxf4 Rxf4 33. e3 Rg4+ 34. Kf3 Rg1 35. Rb7 Ra1 36. a4 Rf1+ 37. Ke2 Rf6 38. Rd7 h5 39. Rxd5 Rh6 40. Nf5+ 1-0